[Event "Isthmia op 1st"]
[Site "Vrachati"]
[Date "2011.08.22"]
[Round "5"]
[White "Kotronias, Vasilios"]
[Black "Tiviakov, Sergei"]
[Result "1/2-1/2"]
[WhiteElo "2588"]
[BlackElo "2623"]
[Annotator "Tiviakov,S"]
[PlyCount "80"]
[EventDate "2011.08.18"]
[EventType "swiss"]
[EventRounds "9"]
[EventCountry "GRE"]
[SourceTitle "CBM 144"]
[Source "ChessBase"]
[SourceDate "2011.09.16"]
[SourceVersion "1"]
[SourceVersionDate "2011.09.16"]
[SourceQuality "1"]

{This game from the 5th round of the chess tournament in Vrachati (Greece) is
extremely important for the theory of the Scandinavian Defence. It was played
on the 22nd of August, just 2 weeks after my ChessBase DVD on the Scandinavian
Defence was created. There the line chosen by my opponent - very dangerous
creative player from Greece Vasilios Kotronias - was mentioned as one of the
most critical ones. Playing against V. Kotronias is always a difficult task. A
very agressive player with excellent theoretical knowleadge, he always heads
for the main theoretical lines in each opening, never holding back from
sacrificing material for the initiative or an attack if it is required by the
position (or even not).} 1. e4 d5 2. exd5 Qxd5 3. Nc3 Qd6 {This variation in
the Scandinavian Defence is my main weapon against 1.e4, but sometimes I do
also play the Sicilian Defence (see my game against E. Rozentalis from the
same tournament).} 4. d4 Nf6 5. Nf3 c6 6. Ne5 Nbd7 7. Nc4 {[Another main and
dangerous for Black continuation is 7.f4.]} Qc7 8. Qf3 Nb6 9. Bf4 Qd7 {The
idea of Black in this line is to exchange the queens by Qd7-g4 exploiting the
fact that White cannot avoid this exchange by moving his queen to e3 since
Black has the move Nb6-d5 at his disposal. So the next White move is logical...
} 10. Nxb6 (10. h3 {was analysed by me in one of the previous issues of the
CBM - see my games against Bologan and Dzhumaev.}) 10... axb6 11. O-O-O e6 ({
Now Black doesn't have the possibility to exchange the queens by} 11... Qg4 $6
{because of} 12. Qe3 $16 {, followed by d5 with a strong attack.}) (11... Qd8
$5 {deserves further analysis and practical tests. The idea of the move is to
win time threatening to win the exchange by Bc8-g4. Definitely, we'll see this
move in thevery near future. Here is 1 example:} 12. Qe3 (12. h3 {is possible
as well.}) 12... Nd5 ({or} 12... e6 {followed by Be7, 0-0, finishing the
development, was worth trying.}) 13. Nxd5 Qxd5 14. c4 Qa5 15. a3 $14 {and
White has got the better position:} Bg4 16. f3 Bd7 17. d5 e6 18. d6 g6 19. Qd4
Rg8 20. Be5 Qc5 21. Qc3 Bh6+ 22. Kb1 Qa5 23. Qd4 Qc5 24. Qh4 g5 25. Qe4 f5 26.
Qe1 Qa5 27. Bc3 Qa4 28. Bd3 O-O-O 29. Qe3 c5 30. Bf6 Bg7 31. Bxd8 Qb3 32. Rd2
Rxd8 33. h4 h6 34. hxg5 hxg5 35. Rh7 Bd4 36. Qe2 e5 37. Qd1 Qxd1+ 38. Rxd1 Be6
39. Re7 e4 40. Rxe6 exd3 41. Rxd3 Rg8 42. Rb3 Kd7 43. Rh6 Kc6 44. d7+ Kxd7 45.
Rhxb6 g4 46. Rxb7+ Ke6 47. f4 {1-0 Rublevsky,S-Zolotukhin,V/Olginka RUS 2011/
The Week in Chess 859 (47)}) 12. Be5 (12. Bc4 $5 {deserves serious attention
and further practical tests. So far only 1 correspondence game has been played
with it:} Be7 13. Be5 b5 14. Bb3 O-O $13 {the position is unclear. Black has a
bad bishop on c8, but the white bishop on b3 is not much better since there it
can only carry out defensive duties. Both sides have attacking possibilities:
White - on the kingside, Black - on the queenside. So all this makes the
character of the game complex, complicated and unclear.} 15. h4 Nd5 16. h5 b4
17. h6 g6 18. Ne4 f6 19. Bh2 Rf7 20. Nc5 Bxc5 21. dxc5 Ra5 22. Qg3 Rf8 23. f4
Rxc5 24. f5 exf5 25. Rhe1 Rd8 26. Bg1 b6 27. Bxc5 bxc5 28. Qe3 c4 29. Bxc4 g5
30. Qe7 Qxe7 31. Rxe7 {1-0 Keller,H-Montgomery,R/ICCF 2009/Base Postal IM 28 
(31)}) 12... Nd5 ({White is slightly better after} 12... Be7 13. Qg3 $14 (13.
Bc4 {leads us to the same position as 12.Bc4 Be7 13.Be5})) 13. Bc4 $5 $146 ({
The text move - 13.Bc4 is a new one, but it is being suggested by different
computer engines. White's bishop must be put on b3 for the defence of the
a2-pawn.} 13. Nxd5 Qxd5 14. Qxd5 exd5 15. Re1 Be6 $11 {leads the game to a
level ending.} 16. Kb1 Kd7 17. Bd3 f6 18. Bg3 Bd6 19. Rxe6 Kxe6 20. Re1+ Kf7
21. Bxd6 Rhe8 22. Rc1 Re6 23. Bf4 b5 24. b3 Rae8 25. Be3 g6 26. c4 bxc4 27.
bxc4 b6 28. cxd5 cxd5 29. Bb5 Rd8 30. a4 h5 31. h4 Rg8 32. Bc6 Rd8 33. Bf4 Re7
34. Bb5 Re6 35. Rc7+ Kg8 36. Rc6 Rxc6 37. Bxc6 Kf8 38. Kb2 Rc8 39. Bxd5 Rd8 40.
Bc6 Rxd4 41. Be3 Rxh4 42. Kb3 Rh1 43. Bb5 Rg1 44. Bxb6 Rxg2 45. a5 Rg1 46. Bc5+
Kf7 47. a6 Rb1+ 48. Ka4 Rd1 49. Bc4+ Ke8 50. a7 Rd8 51. Bb5+ Kf7 52. Bc6 g5 53.
Bd6 {1-0 Pavlidis,A-Stips,F/Fermo 2009/CBM 132 Extra (53)}) (13. Kb1 {is
possible, but sometimes White can refrain from making this move while the
development of the bishop to c4 is almost always obligatory!} f6 14. Nxd5 (14.
Bg3 {is, probably, a better try.}) 14... Qxd5 15. Qxd5 exd5 16. Bc7 b5 17. Re1+
Kf7 18. Bd3 Bd7 19. Re2 c5 20. dxc5 Bxc5 21. Rhe1 Rhe8 22. Rxe8 {1/2-1/2
Dibley,E-Montgomery,R/ICCF 2009/Base Postal IM 28 (22)}) 13... f6 14. Bf4 $1 ({
Stronger than} 14. Bg3 Bb4 $13 {with a complicated position. During my
preparation at home I only looked at the move 14.Bg3 and the move made by V.
Kotronias somehow escaped my attention. The difference between these moves
lies in the fact that after 14.Bg3 the white bishop can sometimes be trapped
if Black castles and plays f6-f5-f4, h7-h6, g7-g5.]}) 14... Be7 $6 ({It
happens very often that when encountering an opening surprise it is very
difficult to make a correct decision in a complex position. And here in this
game I make a dubious move immediately on my 1st independent move in the game.
} 14... Bb4 $142 {was better, although White keeps a small advantage and
initiative after} 15. Nxd5 (15. Ne4 O-O $13 {is unclear} (15... Nxf4 16. Qxf4
O-O 17. a3 Be7 18. Rhe1 $14)) 15... exd5 16. Bb3 O-O (16... Kd8 $5 17. c3 Bd6
$14) 17. c3 Be7 18. Rhe1 $14) (14... b5 $5 {deserves serious attention}) ({but
} 14... Nxf4 {is too risky to play since it weakens the e6-pawn (although this
move is preferred by the computer)}) 15. Rhe1 b5 (15... O-O $4 {is a blunder
and loses immediately after} 16. Rxe6 $18) 16. Bb3 (16. Nxd5 exd5 17. Bb3 b4 {
leads us to the same position as 16.Bb3} (17... O-O $14 {is possible as well.})
) 16... b4 ({Black has to do something with his king, moving it to a safe
place, away from the centre, but it is not possible immediately. First of all,
Black has to reduce the pressure on his centre, playing b5-b4, forcing White
to exchange on d5 or move away the knight from c3 to e4 or a4.} 16... O-O $4
17. Rxe6 $18 {loses}) (16... Kd8 $6 {is a highly dubious move:} 17. Nxd5 exd5
18. Re3 $16 {followed by Rde1 with advantage for White.}) (16... Kf7 $4 17.
Rxe6 $18) 17. Nxd5 ({I don't like this move for White since all the exchanges
in this position are in Black's favour. I would have played} 17. Na4 $142 Ra5
18. Qh5+ g6 19. Qh6 (19. Qf3 O-O $14) 19... Kf7 $14 {with slightly better
chances for White.}) 17... exd5 18. Qh5+ ({After} 18. Rd3 O-O 19. Rde3 Rf7 $14
{it is also rather difficult to break through into the black position.}) 18...
g6 ({Practically forced since} 18... Kd8 19. Re3 $16 {looks very bad for Black.
}) 19. Qh6 Kf7 20. f3 ({White has to protect the g4-square since} 20. Rd3 Bf8
21. Qh4 Qg4 $11 {forces the exchange of the queens and Black equalises
immediately.}) (20. c3 $6 {is dubious, since} bxc3 21. Bc2 $2 {doesn't work
for White after} cxb2+ 22. Kxb2 (22. Kb1 Bf8 $19) 22... Qd8 $19 {with a win
for Black.}) 20... b6 ({It was highly interesting to play} 20... Bf8 $5 21. Qh4
h5 $13 {with an unclear position but I didn't want to weaken any more my pawn
structure on the kingside.} ({I don't see the immediate refutation of the
following black move, but during the game I was afraid to give White the
possibility to sacrifice the bishop with an attack.} 21... g5 22. Qh5+ Kg8 23.
Bxg5 (23. Bg3 Qf7 $11) 23... fxg5 24. Qxg5+ (24. Re5 $44) 24... Qg7 25. Qd8 $44
{White has a strong compensation.})) 21. g4 ({Both} 21. Re3 Bf8 22. Qh4 Ba6 {
/\Bc4} (22... h5 $5)) ({and} 21. Bg3 Ba6 {followed by Bc4 are not dangerous
for Black. White chooses the most unpleasant approach, he wants to open the
position on the kingside playing g4-g5 at some point.}) 21... Ra7 $6 (21... Ba6
$142 $5 {was the move I wanted to make during the game without much thinking,
but then switched to the text move. Later analysis proved that my intuition
was correct, Black has nothing to worry about if he plays Ba6-c4, exchanging
the light-squared bishops. For example,} 22. Re3 (22. g5 Bc4 23. gxf6 Bxf6 24.
Be5 Bxb3 25. Bxf6 Kxf6 26. Qh4+ Kf7 27. Qf4+ $11 {is equal as well.}) 22... Bc4
23. Rde1 Bf8 24. Qh4 Bxb3 25. axb3 Ra1+ 26. Kd2 Rxe1 27. Rxe1 g5 28. Qh5+ Kg7
29. Bg3 Bd6 $11) 22. Rd3 (22. Bg3 $5 {followed by Qe3 or Qd2, was interesting.}
) 22... Qd8 23. Rde3 Bf8 24. Qh4 Re7 {That was my idea behind move 21: to
exchange a pair of rooks.} 25. Qg3 Rxe3 26. Rxe3 Qd7 ({After} 26... c5 27. Ba4
$14 {White has unpleasant pressure.}) 27. h4 $6 ({Played too directly.} 27. Bc7
c5 28. dxc5 bxc5 29. Rd3 Bb7 $11 {is not dangerous for Black.}) ({But} 27. Ba4
$14 {preventing the move ...c6-c5 did allow White to keep some pressure.})
27... c5 {Now Black gets sufficient counterplay, taking advantage of the bad
position of the bishop on b3 which can be trapped if Black plays ...c5-c4.} 28.
dxc5 bxc5 29. Rd3 Bb7 $11 {The position is equal now.} 30. g5 Qe6 31. Re3 Qd7
$138 (31... Qc6 {looks tempting, but actually it is a mistake, since the
c6-square must be kept for the bishop if Wihte plays Bb3-a4 at some point.} 32.
Bb8 (32. gxf6 c4 33. Qe1 $16) 32... c4 (32... Kg8 33. gxf6 c4 34. Ba4 Qxa4 35.
f7+ Kxf7 36. Qc7+ Kg8 37. Qxb7 $18) 33. Ba4 Qb6 34. Be8+ Kg8 35. Qf4 $16 {
White is much better.}) 32. Be5 $2 ({Since I was in time trouble at this point
White decides to complicate matters by sacrificing the piece and avoiding the
draw by repetition of moves which would be the correct outcome of this highly
interesting game!} 32. Rd3 Qe6 $11) (32. Bb8 $5 {deserves the most serious
attention leading to an unclear position after} c4 $5 (32... Kg8 {is bad after}
33. gxf6 c4 34. Ba4 Qxa4 35. Qc7 Qa6 36. f7+ Kg7 37. Qf4 (37. Ba7 Qxa7 38. Qe5+
$11) 37... h5 (37... h6 38. Be5+ Kh7 39. Bxh8 Kxh8 40. Re8 Kg7 41. Qe5+ Kxf7
42. Rd8 Be7 43. Rh8 $18) 38. Be5+ Kh7 39. Bxh8 Kxh8 40. Re8 Kg7 41. Qe5+ Kxf7
42. Rd8 Be7 43. Rh8 $16) (32... Be7 $5) 33. Ba4 Bc6 34. Bxc6 Qxc6 35. gxf6 Bc5
$13) 32... fxe5 33. Qxe5 c4 $2 ({Being short on time I failed to notice the
winning moves 34...h6 or 34...h5, although, of course,} 33... Kg8 $1 {was the
1st move at which I had looked here.} 34. Rd3 h6 $1 (34... Bg7 $17) (34... h5
$1 $19) 35. Qe4 (35. Bxd5+ Bxd5 36. Rxd5 Qf7 $19) 35... Qf7 36. Rxd5 Kh7 $19) (
33... Bg7 34. Qf4+ Kg8 35. Ba4 $11 {is only a draw. But the text move is
clearly a mistake!!}) 34. Ba4 (34. Qxh8 cxb3 $13 {is unclear when Black should
be OK.}) 34... Qxa4 35. Qe6+ $6 ({Here White missed a possibility to get the
upper hand by playing the intermediate} 35. h5 {(of course, extremely
difficult move to find at the board)} gxh5 36. Qxh8 $14 {and Black here has to
suffer a lot to get a draw.}) 35... Kg7 36. Qe5+ Kg8 37. Qe6+ Kg7 38. h5 gxh5
39. Qf6+ Kg8 40. Qe6+ Kg7 {And here the draw was agreed bringing an end to
this exciting game. The Scandinavian Defence has passed a test again and
survived! :-)} 1/2-1/2